00443nam a22001457a 4500008004100000040005500041080001200096245005700108260004600165300001400211500000600225650001400231653002300245700002900268230808b |||||||| |||| 00| 0 eng d aNational Science LibrarycNational Science Library a543(05) aAdvances in analytical chemistry and instrumentation aNew York: bJohn-Wiley & Sons Inc, c1966 avi, 229p. a  aChemistry aRaman spectroscopy aReilley, Charles N (Ed.)